Kritische Analyse ausgewählter Problemfeder der Unternehmensbewertung

Hodnota podniku. Prehľad metód oceňovania podniku. Životný cyklus podniku. Problémy oceňovania podniku. Vybrané praktické problémové oblasti - kríza podniku. Kontext životného cyklu, účtovania a oceňovania podniku. Ďalšie trendy v oblasti oceňovania podniku.

Na minha lista:
Detalhes bibliográficos
Autor principal: Zorn, Daniel
Formato: Capítulo de Livro
Idioma:alemão
Assuntos:
Tags: Adicionar Tag
Sem tags, seja o primeiro a adicionar uma tag!

MARC

LEADER 00000nla a2200000 4500
001 0226710
005 20240502073732.9
041 0 |a ger 
044 |a SK 
245 1 0 |a Kritische Analyse ausgewählter Problemfeder der Unternehmensbewertung  |c Daniel Zorn 
520 |a Hodnota podniku. Prehľad metód oceňovania podniku. Životný cyklus podniku. Problémy oceňovania podniku. Vybrané praktické problémové oblasti - kríza podniku. Kontext životného cyklu, účtovania a oceňovania podniku. Ďalšie trendy v oblasti oceňovania podniku. 
610 2 0 |a oceňovanie 
610 2 0 |a podnik 
610 2 0 |a kríza podniku 
610 2 0 |a informácie 
610 2 0 |a cyklus podniku životný 
610 2 0 |a účtovanie 
100 1 |a Zorn, Daniel